| 000 | 00670nam a2200205 i 4500 | ||
|---|---|---|---|
| 001 | 47111 | ||
| 003 | ES-MaACL | ||
| 005 | 20231227175042.0 | ||
| 007 | t| | ||
| 008 | 030403s1957 sp ||||1| spa d | ||
| 100 | 1 |
_aLozoya, Juan de Contreras y López de Ayala, _cMarqués de, _d1893-1978 _9129112 |
|
| 245 | 1 | 0 |
_aSegovia / _cMarqués de Lozoya. |
| 250 | _a1ª ed. | ||
| 260 |
_aBarcelona : _bNoguer, _c[1957] ( _fVélez) |
||
| 300 |
_a54 p., 30 lám., 1 gráf. pleg. ; _c18 cm. |
||
| 490 | 1 | _aGuías de la España, andar y ver | |
| 830 | 0 |
_aGuías de la España, andar y ver _9182614 |
|
| 852 |
_aES-MaACL _jC-12592 _bR.40465 |
||
| 999 |
_c47111 _d47111 |
||